| 000 | 00601nam a22002057a 4500 | ||
|---|---|---|---|
| 003 | OSt | ||
| 005 | 20170419194338.0 | ||
| 008 | 170419b xxu||||| |||| 00| 0 eng d | ||
| 020 | _a978-0-0-07-148835-8 | ||
| 040 |
_aDMLN _cMLN |
||
| 082 | _aWB330, p494p,2009 | ||
| 100 |
_aSchwinghammer ,Terry l. Koehler,Julia M. _912107 |
||
| 245 | _aPharmacotherapy Casebook:apatient-focused Approach | ||
| 250 | _a7th ed. | ||
| 260 | _aNewYork;McGrawHillMedical | ||
| 300 | _bxxi,407;ill.-27cm | ||
| 504 | _aincludes appendix and references | ||
| 650 |
_apharmacotherapy _912081 |
||
| 942 |
_2z _cSLOAN _k11/00190 |
||
| 999 |
_c5831 _d5831 |
||